Normal view
MARC view
- Enseñanza
Entry Materia
001 - NÚMERO DE CONTROL DEL REGISTRO
- campo de control: 14948
003 - IDENTIFICADOR DE NUMERO DE CONTROL
- campo de control: MX-MxUPN
005 - FECHA Y HORA DE LA ÚLTIMA TRANSACCIÓN
- campo de control: 20251204095959.0
008 - DATOS DE LONGITUD FIJA
- campo de control de longitud fija: 251204n| fcnnnbabn | ana |d
035 ## - NÚMERO DE CONTROL DEL SISTEMA
- Número de control del sistema: UPN10000014956
040 ## - FUENTE DE LA CATALOGACIÓN
- Centro catalogador de origen: MX-MxUPN
- Lengua de catalogación: spa
- Agencia de transcripción: MX-MxUPN
150 ## - ENCABEZAMIENTO - TEMÁTICO
- Término de materia o nombre geográfico como elemento inicial: Enseñanza
- Subdivisión de materia general: Aspectos psicológicos
670 ## - FUENTE EN LA QUE SE LOCALIZARON DATOS
- Cita de la fuente: LC
- Información localizada: Teaching - Psychological aspects
902 ## - CATALOGADOR
- Catalogador: MCM/230310
